Responses for show #7739 - Thursday, April 12, 2018

2018 College Championship quarterfinal game 4.

Contestants

[<< previous game]

Carsen Smith, a senior at Vanderbilt University from Jacksonville, Florida

Rebecca Rosenthal, a sophomore at Swarthmore College from Ridgewood, New Jersey

Harry Kioko, a senior at the University of Chicago from Princeton, New Jersey

[next game >>]

Jeopardy! Round responses

ANAGRAMMED NOVELS
VIDEO GAMES
I WILL NOT SERVE...
COLLEGE SLASHES
PASS/FAIL
"ADD"/"DROP"
    $200 27
Lord of the Flies

Rebecca
    $200 24
God of War

Rebecca
    $200 26
Illinois

Carsen
    $200 28
golf

Rebecca
    $200 29
a crash

Carsen
    $200 30
adding insult

Rebecca
    $400 15
Gone With the Wind

Rebecca
    $400 19
orcs

Carsen
    $400 25
vice president

Rebecca
    $400 3
classics

Rebecca
    $400 16
the baton

Harry
    $400 22
dropping names

Carsen
    $600 14
Breaking Dawn

Triple Stumper
    $600 5
a wrestler (or a luchador)

Rebecca
    $600 23
(Carsen: Who is... Madison?)

John Quincy Adams

Carsen
Triple Stumper
    $600 4
textbooks

Carsen
    $600 11
Truman Capote

Carsen
    $600 2
add to cart

Carsen
    $800 12
The Grapes of Wrath

Carsen
    $800 6
Horizon Zero Dawn

Triple Stumper
    $800 20
(Carsen: What is the House of Commons?)

the House of Lords

HarryCarsen
    $800 8
(Harry: What is South Carolina?)
(Rebecca: What is the University of California?)

the University of Missouri

HarryRebecca
Triple Stumper
    $800 10
a washout

Triple Stumper
    $800 1
drag and drop

Rebecca
    $1000 13
(Carsen: What is The Dubliners?)

Finnegans Wake

RebeccaCarsen
    $1000 7
(Harry: What is Gran Torino?)

Gran Turismo

Harry
Triple Stumper
    $1,000 21
(William Tecumseh) Sherman

Harry
    $1000 9
New Jersey

Rebecca
    $1000 17
(Harry: What is India?)
(Carsen: What is Bangladesh?)
(Rebecca: What is Nepal?)

Afghanistan

HarryRebeccaCarsen
Triple Stumper
    $1000 18
addiction

Carsen

Scores at the first commercial break (after clue 15):

Harry Rebecca Carsen
-$1,800 $3,400 $1,600

Scores at the end of the Jeopardy! Round:

Harry Rebecca Carsen
-$600 $3,600 $1,400

Double Jeopardy! Round responses

PAPER TERMS
WHERE IN THE BODY?
TALES FROM THE ARABIAN NIGHTS
4-SYLLABLE WORDS
BROADWAY MUSICALS
DOWN FOR THE COUNTY
    $400 24
construction paper

Carsen
    $400 28
the brain

Carsen
    $400 30
a genie

Rebecca
    $400 29
indigestion

Triple Stumper
    $400 5
SpongeBob SquarePants

Carsen
    $400 27
Minneapolis

Triple Stumper
    $800 23
manila

Rebecca
    $800 25
(Carsen: What is the heart?)

the foot

HarryCarsen
    $800 21
1,001

Harry
    $800 15
(Carsen: What are psychological experiments?)
...
(Alex: That's it, without the "psychological.")

experiments

HarryCarsen
    $800 4
business

Rebecca
    $800 26
Montana

Carsen
    $1200 11
a quire

Carsen
    $1200 8
(Carsen: What are the intestines?)
(Alex: Be more specific.)
(Carsen: What is the upper intestine... [*]?)

the small intestine

Carsen
    $3,000 20
Baghdad

Rebecca
    $1200 14
(Harry: What is magnanimous?)

munificent

Harry
Triple Stumper
    $1200 3
Fiddler on the Roof

Rebecca
    $1200 22
(Rebecca: What is Georgia?)

Iowa

Rebecca
Triple Stumper
    $1600 9
(Carsen: What is cellulose?)

tissue

RebeccaCarsen
    $1600 6
the hands

Carsen
    $1600 19
open sesame

Rebecca
    $1600 13
seƱorita

Rebecca
    $5,000 2
(Georges) Seurat

Rebecca
    $1600 17
Texas

Rebecca
    $2000 10
washi

Rebecca
    $2000 7
the pancreas

Rebecca
    $2000 18
Sinbad

Rebecca
    $2000 12
a hierarchy

Carsen
    $2000 1
Sara Bareilles

Rebecca
    $2000 16
(Rebecca: What is Ford?)

Wayne

Rebecca
Triple Stumper

Scores at the end of the Double Jeopardy! Round:

Harry Rebecca Carsen
$600 $26,000 $6,200
(lock game)

Final Jeopardy! Round responses

LANDMARKS
HarryWhat is L'orangerie
$200
CarsenWhat is Versailles?
$4,200
RebeccaWhat is the Louvre?
$0
the Louvre

Final scores:

Harry Rebecca Carsen
$400 $26,000 $2,000
3rd place: $5,000 if eliminated Automatic semifinalist 2nd place: $5,000 if eliminated

Game dynamics:

Coryat scores:

Harry Rebecca Carsen
$600 $20,800 $6,200
6 R
(including 1 DD),
4 W
25 R
(including 2 DDs),
4 W
17 R,
7 W

Combined Coryat: $27,600

The J! Archive is created by fans, for fans. The Jeopardy! game show and all elements thereof, including but not limited to copyright and trademark thereto, are the property of Jeopardy Productions, Inc. and are protected under law. This website is not affiliated with, sponsored by, or operated by Jeopardy Productions, Inc. Join the discussion at JBoard.tv.